000 00602nam a2200265Ia 4500
005 20260121164934.0
008 008 260114s9999 xx 000 0 eng d
020 _a9780857293862
037 _aEBOOK
040 _aCRL
040 _beng
040 _cCRL
041 _2eng
041 _aeng
084 _qCRL
100 _aJohn Vince
_91045530
245 0 _aIntroduction to Virtual Reality
260 _bSpringer
260 _bSpringer
260 _c2004
856 _uhttp://link.springer.com/978-0-85729-386-2
942 _cEBOOK
999 _c1611253
_d1611253